Ulrich's periodicals directory 2009: international periodicals information since 1932 (including serials & annuals) (Record no. 6661)

MARC details
000 -LEADER
fixed length control field 00697nam a2200157Ia 4500
020 ## - INTERNATIONAL STANDARD BOOK NUMBER
ISBN 97816000301155
082 ## - DEWEY DECIMAL CLASSIFICATION NUMBER
Classification number RR 050.25 ULR-
245 #0 - TITLE STATEMENT
Title Ulrich's periodicals directory 2009: international periodicals information since 1932 (including serials & annuals)
250 ## - EDITION STATEMENT
Edition statement 47th
260 ## - PUBLICATION, DISTRIBUTION, ETC. (IMPRINT)
Place of publication New Providence
Name of publisher Proquest
Year of publication 2008
500 ## - GENERAL NOTE
General note content: 4 vols. Vol. 1(Classified list of serial A-Edu-C),(liii,2914). v. 2(Classified list edu-G-med-F),(2915,5823p) v. 3(Classified list of serials med-G-Z),(5824,8767p). vol. 4(Index),(8768,11458p)
650 ## - SUBJECT ADDED ENTRY--TOPICAL TERM
Topical Term Ulrich's international periodicals directory
Geographic subdivision 2009
650 ## - SUBJECT ADDED ENTRY--TOPICAL TERM
Topical Term Periodicals
Form subdivision Directories
700 ## - ADDED ENTRY--PERSONAL NAME
Personal name Kaplan, Laurie
942 ## - ADDED ENTRY ELEMENTS (KOHA)
Koha item type Books
Source of classification or shelving scheme Dewey Decimal Classification
Holdings
Withdrawn status Lost status Damaged status Not for loan Home library Current library Date acquired Source of acquisition Serial Enumeration / chronology Bill Date Full call number Accession Number Price effective from Koha item type
        NASSDOC Library NASSDOC Library 16/04/2009 BATRA V.1 2009-03-27 RR 050.25 ULR- 45445 18/04/2019 Books
        NASSDOC Library NASSDOC Library 16/04/2009 BATRA V.2 2009-03-27 RR 050.25 ULR- 45446 18/04/2019 Books
        NASSDOC Library NASSDOC Library 16/04/2009 BATRA V.3 2009-03-27 RR 050.25 ULR- 45447 18/04/2019 Books
        NASSDOC Library NASSDOC Library 16/04/2009 BATRA V.4 2009-03-27 RR 050.25 ULR- 45448 18/04/2019 Books